000 00458nam a2200157 i 4500
001 45422
003 ES-MaACL
005 20230906161221.0
007 t|
008 030326s1965 sp ||||1| spa d
100 1 _aColl, Bartolomé.
_939611
245 1 0 _aHistoria del toreo en Mallorca (1865-1964) /
_cBartolomé Coll.
260 _a[Palma :
_bs.n.,
_c1965] (
_fImp. Argrafis)
300 _a192 p., 7 lám. ;
_c22 cm.
852 _aES-MaACL
_jC-20990
_bR.57395
999 _c45422
_d45422